Syntaktické cvičení pro posl. ped. fak. l. část obecné základy

Bibliographic Details
Main Author: Bergerová, Růžena (Author)
Format: Book
Language:Czech
PhysicalDescription:63, [1] s. 4°
Published: Hradec Králové Ped. fak. 1987
Series:Učební texty vysokých škol

MARC

LEADER 00000nam a2200000 a 4500
001 vtls001261785
003 SK-MaSNL
005 20260301113010.0
008 240315s1987 xr 0 cze
035 |a SNK000212665 
040 |a SNK  |b slo  |c SNK  |e AACR2 
041 0 |a cze 
044 |a CZE 
100 1 |a Bergerová, Růžena  |4 aut  |9 454556 
245 0 |a Syntaktické cvičení  |n l. část  |p obecné základy  |b pro posl. ped. fak.  |c Růžena Bergerová 
260 |a Hradec Králové  |b Ped. fak.  |c 1987 
300 |a 63, [1] s. 4° 
490 0 |a Učební texty vysokých škol 
958 |a RK 
958 |a OND 
999 |c 712239  |d 714169 
952 |t P60, <04>, [BOOK], {604}  |a SNK  |b SNK  |y VYP  |7 0  |o snkIB 59820/1  |i snkKIP 2822/88  |0 0  |1 0  |4 0  |d 1996-09-20  |l 0  |r 2005-01-01 00:00:00  |w 2026-02-23